000 00327nam a2200133Ia 4500
100 _aSieflex
942 _cBK
654 _aEngineering
245 _aEngineering Industry & Technology : Survey 1991-92
260 _bSIEFLEX : Automation & Robotics
_aMadras
_c1992
082 _a620
_bPAN
546 _aENGLISH
999 _c26276
_d26276